000 00602nam a2200193 4500
001 136592
003 ES-MaACL
005 20230906195156.0
007 t|
008 070214s1908 fr r ||||1| fre d
100 1 _aRzerwuski, Stanislas.
_9101116
245 1 2 _aL'optimisme de Schopenhauer
_b: etude sur Schopenhauer /
_cStanislas Rzerwuski.
260 _aParis :
_bFélix Alcan,
_c1908.
300 _a178 p. ;
_c19 cm.
490 1 _aBibliotheque de philosophie contemporaine
830 0 _aBibliotheque de philosophie contemporaine
_9181027
852 _aES-MaACL
_jF-11610
999 _c136592
_d136592